El jefe de producto : guia practica del produt manager (Registro nro. 242964)

Detalles MARC
001 - NÚMERO DE CONTROL
campo de control 735230
005 - FECHA Y HORA DE LA ÚLTIMA TRANSACCIÓN
campo de control 20260506093006.0
008 - DATOS DE LONGITUD FIJA--INFORMACIÓN GENERAL
campo de control de longitud fija 020507e19920202 spa
020 ## - NÚMERO INTERNACIONAL ESTÁNDAR DEL LIBRO
Número Internacional Estándar del Libro 8476157932
035 ## - NÚMERO DE CONTROL DEL SISTEMA
Número de control de sistema 735230
035 ## - NÚMERO DE CONTROL DEL SISTEMA
Número de control de sistema (OCoLC)318247143
040 ## - FUENTE DE LA CATALOGACIÓN
Centro/agencia transcriptor comduadb
041 ## - CÓDIGO DE LENGUA
Código de lengua del texto/banda sonora o título independiente spa
082 #4 - NÚMERO DE LA CLASIFICACIÓN DECIMAL DEWEY
Número de clasificación 658
100 10 - ENTRADA PRINCIPAL--NOMBRE DE PERSONA
Nombre de persona Hansdscombe, Richard
Código de función aut
Término indicativo de función/relación Autor/a
9 (RLIN) 353803
245 13 - MENCIÓN DE TÍTULO
Título El jefe de producto : guia practica del produt manager
260 ## - PUBLICACIÓN, DISTRIBUCIÓN, ETC.
Lugar de publicación, distribución, etc. Barcelona :
Nombre del editor, distribuidor, etc. McGraw-Hill,
Fecha de publicación, distribución, etc. 1992.
300 ## - DESCRIPCIÓN FÍSICA
Extensión 279 páginas
650 ## - PUNTO DE ACCESO ADICIONAL DE MATERIA--TÉRMINO DE MATERIA
Término de materia o nombre geográfico como elemento de entrada Producción - Organización
9 (RLIN) 2900
650 ## - PUNTO DE ACCESO ADICIONAL DE MATERIA--TÉRMINO DE MATERIA
Término de materia o nombre geográfico como elemento de entrada Producción - Control
9 (RLIN) 1979
650 #7 - PUNTO DE ACCESO ADICIONAL DE MATERIA--TÉRMINO DE MATERIA
Término de materia o nombre geográfico como elemento de entrada Mercadeo
Fuente del encabezamiento o término lemb
9 (RLIN) 1171
650 ## - PUNTO DE ACCESO ADICIONAL DE MATERIA--TÉRMINO DE MATERIA
Término de materia o nombre geográfico como elemento de entrada Financiación
9 (RLIN) 5111
650 ## - PUNTO DE ACCESO ADICIONAL DE MATERIA--TÉRMINO DE MATERIA
Término de materia o nombre geográfico como elemento de entrada Clientes
9 (RLIN) 35824
700 10 - ENTRADA AGREGADA--NOMBRE PERSONAL
Nombre de persona Gasset Vega, Luis
Código de función trl
Término indicativo de función/relación Traductor/a
9 (RLIN) 353002
942 ## - ELEMENTOS DE ENTRADA AGREGADA (KOHA)
Tipo de ítem Koha Libros
Existencias
Estado de retiro Estado de pérdida Estado dañado No para préstamo Código de colección Localización permanente Ubicación/localización actual Fecha de adquisición Fuente de adquisición Número de inventario Total de préstamos Signatura topográfica completa Código de barras Fecha visto por última vez Número de copia Precio válido a partir de Tipo de ítem Koha
        Colección General Piso 2 Biblioteca Carlos Gaviria Díaz, Campus Medellín Biblioteca Carlos Gaviria Díaz, Campus Medellín 07/05/2002 Material adquirido por donación C732298   658.503 H236 61000003586332 24/04/2023 1 24/04/2023 Libros